[Event "Russian Championship G19 2016"]
[Site "Loo"]
[Date "2016.04.20"]
[Round "1.1"]
[White "Obolentseva, Alexandra"]
[Black "Porozhnyak, Maya"]
[Result "1-0"]
[WhiteElo "2315"]
[BlackElo "2007"]
[PlyCount "95"]
[EventDate "2016.04.20"]

1. d4 d5 2. c4 Bf5 3. Nc3 e6 4. Nf3 Nc6 5. a3 dxc4 6. e3 g5 7. Bxc4 g4 8. Nd2
h5 9. Nb3 Bg7 10. O-O Nh6 11. Nc5 Na5 12. Qa4+ c6 13. Nxb7 Nxb7 14. Qxc6+ Qd7
15. Bb5 Qxc6 16. Bxc6+ Ke7 17. Bxb7 Rab8 18. Ba6 h4 19. e4 Bg6 20. Bg5+ Kf8 21.
Rfd1 Rxb2 22. Na4 Rc2 23. Nc5 Kg8 24. Nd7 Kh7 25. Bd3 Rc3 26. Nf6+ Bxf6 27.
Bxf6 Rb8 28. Rd2 h3 29. gxh3 gxh3 30. f3 Ng8 31. Be5 Rbb3 32. Rad1 f6 33. Bd6
Rc6 34. Bb4 a5 35. Bxa5 Rxa3 36. d5 Rc8 37. Bb6 e5 38. Bf1 Rxf3 39. d6 Be8 40.
d7 Bxd7 41. Rxd7+ Kg6 42. R7d3 Rc3 43. Rxf3 Rxf3 44. Rd3 Rxd3 45. Bxd3 Nh6 46.
Kf2 f5 47. exf5+ Nxf5 48. Bd8 1-0

[Event "Russian Championship G19 2016"]
[Site "Loo"]
[Date "2016.04.20"]
[Round "1.2"]
[White "Baryshnikova, Natalija"]
[Black "Diakonova, Ekaterina"]
[Result "0-1"]
[WhiteElo "1953"]
[BlackElo "2281"]
[PlyCount "74"]
[EventDate "2016.04.20"]

1. e4 c6 2. d4 d5 3. Nc3 g6 4. Nf3 Bg7 5. Be3 Nh6 6. e5 O-O 7. Be2 Bg4 8. h3
Bxf3 9. Bxf3 f6 10. exf6 exf6 11. O-O Nf7 12. Re1 Nd7 13. Qd2 f5 14. Na4 b5 15.
Nc3 Nf6 16. Ne2 Qd7 17. Nc1 Ne4 18. Bxe4 dxe4 19. Nb3 Rad8 20. c3 Qe7 21. a4 g5
22. g3 Ne5 23. Kg2 Nf3 24. Qe2 Nxe1+ 25. Qxe1 f4 26. Bd2 Rde8 27. c4 e3 28. Bb4
Qe4+ 29. f3 Qc2+ 30. Kg1 Qxb3 31. Bxf8 Rxf8 32. axb5 cxb5 33. Qc3 Qxc3 34. bxc3
b4 35. cxb4 Bxd4 36. Rc1 e2+ 37. Kg2 Re8 0-1

[Event "Russian Championship G19 2016"]
[Site "Loo"]
[Date "2016.04.20"]
[Round "1.3"]
[White "Lingur, Zalina"]
[Black "Zhivotovskaya, Asya"]
[Result "1-0"]
[WhiteElo "2216"]
[BlackElo "1951"]
[PlyCount "141"]
[EventDate "2016.04.20"]

1. e4 e5 2. Nf3 Nc6 3. Bb5 a6 4. Ba4 Nf6 5. O-O b5 6. Bb3 Bc5 7. c3 d6 8. d4
Bb6 9. h3 Bb7 10. Re1 O-O 11. Bg5 h6 12. Bh4 g5 13. Bg3 Re8 14. d5 Ne7 15. Nbd2
Ng6 16. Nf1 Qd7 17. Bc2 g4 18. hxg4 Nxg4 19. N3h2 h5 20. Nxg4 Qxg4 21. Qxg4
hxg4 22. Nh2 Bc8 23. Bd1 f5 24. exf5 Bxf5 25. Bxg4 Bxg4 26. Nxg4 Rf8 27. Kf1
Rae8 28. Re4 Ne7 29. Rd1 Nf5 30. Bh2 Re7 31. Ke2 Rh7 32. Rd3 Kg7 33. Rf3 Ne7
34. Rg3 Nf5 35. Rd3 Ba7 36. Rd1 Bb6 37. Rf1 Nh4 38. Ne3 Ng6 39. Bg3 Rh5 40. Nc2
Ne7 41. Rg4+ Kh6 42. Rd1 Nf5 43. Ne3 Ne7 44. Bh4 Ng6 45. Bg3 Ne7 46. Rh4 Rxh4
47. Bxh4 Ng6 48. Bg3 Nf4+ 49. Bxf4+ Rxf4 50. g3 Rf8 51. Rh1+ Kg6 52. Rh4 Kg5
53. f3 Rf7 54. Nf1 Bc5 55. Nd2 Bb6 56. Ne4+ Kg6 57. Rg4+ Kh5 58. Rg8 Kh6 59.
Rg4 Kh5 60. Rg5+ Kh6 61. g4 Rf4 62. Rf5 Rxf5 63. gxf5 Kg7 64. Kd3 a5 65. b3 Kf7
66. a4 bxa4 67. bxa4 Ke7 68. Kc4 Ke8 69. Kb5 Ke7 70. Kc6 Ke8 71. Nxd6+ 1-0

[Event "Russian Championship G19 2016"]
[Site "Loo"]
[Date "2016.04.20"]
[Round "1.4"]
[White "Sayafarova, Anna"]
[Black "Rodionova, Daria"]
[Result "0-1"]
[WhiteElo "1947"]
[BlackElo "2212"]
[PlyCount "68"]
[EventDate "2016.04.20"]

1. e4 c5 2. Nf3 d6 3. d4 cxd4 4. Qxd4 Nf6 5. Bb5+ Nc6 6. Nc3 Bd7 7. Bxc6 Bxc6
8. Bg5 e6 9. O-O-O Be7 10. Rhe1 O-O 11. Qd2 Qa5 12. Kb1 Rfc8 13. Nd4 Qd8 14. f3
Rab8 15. g4 b5 16. h4 b4 17. Nce2 Rb6 18. Ng3 Ra6 19. Qxb4 d5 20. Qd2 Rb8 21.
Nxc6 Rxc6 22. Re3 Qc7 23. e5 Bb4 24. Qg2 Nd7 25. Re2 Bc3 26. b3 Ra6 27. Bd2
Rxa2 28. Bxc3 Qxc3 29. Kxa2 Rb5 30. Rd4 Qxd4 31. c4 Ra5+ 32. Kb1 Ra1+ 33. Kc2
Ra2+ 34. Kc1 Qa1# 0-1

[Event "Russian Championship G19 2016"]
[Site "Loo"]
[Date "2016.04.20"]
[Round "1.5"]
[White "Drogovoz, Irina"]
[Black "Arutyunova, Asya"]
[Result "1/2-1/2"]
[WhiteElo "2205"]
[BlackElo "1941"]
[PlyCount "72"]
[EventDate "2016.04.20"]

1. d4 Nf6 2. c4 e5 3. dxe5 Ng4 4. Nf3 Bc5 5. e3 Nc6 6. a3 a5 7. Be2 Ngxe5 8.
Nxe5 Nxe5 9. O-O O-O 10. Kh1 Re8 11. Nc3 Bf8 12. e4 d6 13. f4 Nc6 14. Rb1 Bd7
15. b3 Ne7 16. Qc2 Ng6 17. Bd2 Bc6 18. Bd3 Be7 19. Nd5 Bxd5 20. cxd5 Bf6 21.
Rfc1 Re7 22. Qd1 Qd7 23. Rc4 c5 24. dxc6 bxc6 25. Ra4 Qd8 26. Qc2 c5 27. Bc4 h6
28. Rd1 Bd4 29. Bd5 Raa7 30. Qd3 Nf8 31. b4 axb4 32. Rxa7 Rxa7 33. axb4 Qb6 34.
bxc5 dxc5 35. h3 Qd6 36. Bc4 Rb7 1/2-1/2

[Event "Russian Championship G19 2016"]
[Site "Loo"]
[Date "2016.04.20"]
[Round "1.6"]
[White "Bocharova, Ulyana"]
[Black "Alekseeva, Irina"]
[Result "1/2-1/2"]
[WhiteElo "1939"]
[BlackElo "2177"]
[PlyCount "105"]
[EventDate "2016.04.20"]

1. d4 f5 2. f4 e6 3. Nf3 Nf6 4. e3 d5 5. Bd3 Bd6 6. O-O O-O 7. Nbd2 c5 8. c3
Nc6 9. Ne5 Qb6 10. Kh1 Nd7 11. Ndf3 Ndxe5 12. Nxe5 Nxe5 13. fxe5 Be7 14. b3 Bd7
15. Qe2 Rac8 16. Bd2 Bg5 17. b4 cxd4 18. cxd4 Be7 19. a3 a6 20. Rfc1 Rxc1+ 21.
Rxc1 h6 22. h3 Bg5 23. Rc5 Be7 24. Rc1 Qd8 25. Rc2 Bh4 26. Be1 Bg5 27. Bd2 Qb6
28. Rc5 Be7 29. Rc1 Be8 30. Rc8 Bg5 31. Rc5 Qd8 32. Rc2 Bg6 33. a4 Bh4 34. Be1
Bxe1 35. Qxe1 Qg5 36. Rf2 Qg3 37. Qe2 Rc8 38. Qd2 Bh5 39. Rf1 Bg6 40. Rc1 Rf8
41. Rf1 Bh5 42. Be2 Bxe2 43. Qxe2 Rc8 44. Qd2 Kh7 45. Rc1 Rxc1+ 46. Qxc1 Qf2
47. Qc3 Qf1+ 48. Kh2 Qc4 49. Qb2 Qd3 50. Qc1 Qb3 51. Qc8 Qxe3 52. Qxe6 Qf4+ 53.
Kh1 1/2-1/2

[Event "Russian Championship G19 2016"]
[Site "Loo"]
[Date "2016.04.20"]
[Round "1.7"]
[White "Matiukova, Uliana"]
[Black "Shapar, Tatiana"]
[Result "1-0"]
[WhiteElo "2161"]
[BlackElo "1932"]
[PlyCount "127"]
[EventDate "2016.04.20"]

1. d4 d5 2. c4 c6 3. Nf3 Nf6 4. e3 Bf5 5. Nc3 e6 6. Nh4 Bg4 7. Qb3 Qc7 8. h3
Bh5 9. g4 Bg6 10. Nxg6 hxg6 11. Bg2 Be7 12. g5 Nfd7 13. e4 dxe4 14. Nxe4 a5 15.
a3 e5 16. Be3 a4 17. Qc2 Qa5+ 18. Bd2 Qb6 19. dxe5 Nxe5 20. Qc3 Nbd7 21. f4
Qxb2 22. fxe5 Nxe5 23. Qxb2 Nd3+ 24. Ke2 Nxb2 25. Rhc1 O-O-O 26. Rc3 Rd4 27.
Rac1 Rhd8 28. Be3 Rd3 29. Nf2 Rxe3+ 30. Rxe3 Bxg5 31. Bf1 Kb8 32. h4 Bh6 33.
Rec3 Bxc1 34. Rxc1 Rd4 35. Ke3 Rxh4 36. Rc2 Nxc4+ 37. Bxc4 f5 38. Bf7 g5 39.
Rc1 g4 40. Kf4 Rh2 41. Rf1 g5+ 42. Kxf5 g3 43. Ng4 Rc2 44. Kxg5 Rc3 45. Ra1 g2
46. Rg1 Rxa3 47. Rxg2 Rc3 48. Ne5 Kc7 49. Ra2 b5 50. Kf4 Kb6 51. Be8 c5 52. Rb2
Rb3 53. Rc2 c4 54. Nd7+ Ka5 55. Nc5 Rb1 56. Nb7+ Kb6 57. Nd6 a3 58. Nxb5 Rxb5
59. Bxb5 Kxb5 60. Ke3 Kb4 61. Kd2 c3+ 62. Kc1 Kc4 63. Kb1 Kd3 64. Ra2 1-0

[Event "Russian Championship G19 2016"]
[Site "Loo"]
[Date "2016.04.20"]
[Round "1.8"]
[White "Dolgaeva, Evgenia"]
[Black "Solozhenkina, Elizaveta"]
[Result "0-1"]
[WhiteElo "1931"]
[BlackElo "2137"]
[PlyCount "122"]
[EventDate "2016.04.20"]

1. e4 e5 2. Nf3 Nc6 3. Bb5 a6 4. Ba4 Nf6 5. d3 d6 6. c3 g6 7. O-O Bg7 8. Re1
O-O 9. Nbd2 b5 10. Bc2 Bb7 11. a4 Qd7 12. b4 Rfe8 13. Nb3 d5 14. Nc5 Qc8 15.
Bb3 Nd8 16. Qc2 h6 17. h3 dxe4 18. dxe4 Bf8 19. Nxb7 Nxb7 20. Qe2 Nd6 21. Nh4
Kh7 22. Qd3 Qb7 23. axb5 axb5 24. Rxa8 Qxa8 25. Nf3 Re7 26. Nd2 Qc6 27. Qc2 h5
28. Qd3 Bh6 29. Bd5 Nxd5 30. exd5 Qb6 31. Ne4 Nxe4 32. Qxe4 Bxc1 33. Rxc1 Qd6
34. Re1 f5 35. Qf3 e4 36. Qd1 Re5 37. Qe2 Rxd5 38. Rc1 Rd3 39. Qa2 Kg7 40. Qa5
Qc6 41. Qa1 Qc4 42. Qb2 Kh7 43. Qe2 c6 44. Qb2 f4 45. Qa3 Rd7 46. Qa8 Qe6 47.
Qf8 Rf7 48. Qc5 Rf5 49. Qa7+ Kh6 50. Re1 Re5 51. Qb8 Qf6 52. Qc7 h4 53. Qc8 Re6
54. Qb8 Qf7 55. Qh8+ Kg5 56. Qd4 Qe7 57. Qd1 Kh6 58. Qd4 Kh7 59. Ra1 Kh6 60.
Ra7 Qd6 61. Qh8+ Kg5 0-1

[Event "Russian Championship G19 2016"]
[Site "Loo"]
[Date "2016.04.20"]
[Round "1.9"]
[White "Antipova, Anastasia"]
[Black "Shakirova, Renata"]
[Result "1-0"]
[WhiteElo "2103"]
[BlackElo "1924"]
[PlyCount "81"]
[EventDate "2016.04.20"]

1. e4 c5 2. Nc3 Nc6 3. f4 g6 4. Nf3 Bg7 5. Bb5 e6 6. Bxc6 bxc6 7. e5 d5 8. d3
Nh6 9. O-O Ba6 10. b3 Nf5 11. Re1 h5 12. Na4 Bf8 13. c4 Qa5 14. Qd2 Qb4 15. Qf2
Nd4 16. Nxd4 cxd4 17. Bd2 Qe7 18. Qxd4 c5 19. Qf2 d4 20. a3 Qd7 21. Nb2 Be7 22.
b4 Bb7 23. Reb1 O-O 24. Nd1 f6 25. Qg3 Kh7 26. Nf2 fxe5 27. fxe5 Rf5 28. Nh3
Raf8 29. Rf1 h4 30. Qg4 Rxe5 31. Rxf8 Bxf8 32. Qxh4+ Kg8 33. Rf1 Re2 34. Rf2
Rxf2 35. Qxf2 Bd6 36. Ng5 Qe7 37. Qh4 Ba8 38. Qh6 Qf6 39. Qh3 e5 40. Qh7+ Kf8
41. Qxa7 1-0

[Event "Russian Championship G19 2016"]
[Site "Loo"]
[Date "2016.04.20"]
[Round "1.10"]
[White "Mukhtarova, Viktoriya"]
[Black "Maslova, Polina"]
[Result "1/2-1/2"]
[WhiteElo "1899"]
[BlackElo "2096"]
[PlyCount "120"]
[EventDate "2016.04.20"]

1. Nf3 d5 2. g3 c6 3. Bg2 Bg4 4. h3 Bh5 5. O-O Nf6 6. d3 Nbd7 7. Nbd2 e5 8. e4
Bd6 9. a4 a5 10. b3 O-O 11. Bb2 Re8 12. Qe1 Qc7 13. Nh4 Nc5 14. Nf5 Bf8 15. Kh1
Bg6 16. Nh4 Qd6 17. Nxg6 hxg6 18. Bc3 b6 19. Qe2 Rad8 20. Rad1 Qc7 21. Ra1 Na6
22. Nf3 d4 23. Bd2 Nb4 24. Rfc1 Nd7 25. Nh4 Be7 26. Qg4 Nf6 27. Qe2 Na6 28. Rf1
Bb4 29. Bxb4 Nxb4 30. Qd2 Na6 31. Nf3 Nc5 32. Ng5 Rd7 33. Rae1 b5 34. Ra1 bxa4
35. bxa4 Rb8 36. Ra2 Rb4 37. Rfa1 Qb8 38. Kh2 Rdb7 39. Nf3 Qc7 40. Qg5 Ncd7 41.
Nd2 Nh7 42. Qg4 Rb2 43. Nc4 Rxa2 44. Rxa2 Rb4 45. h4 Nhf8 46. Bh3 f6 47. h5 g5
48. Qf5 Rb8 49. Ra1 Nc5 50. h6 Nb7 51. Rg1 Nd6 52. Nxd6 Qxd6 53. hxg7 Kxg7 54.
f4 Qe7 55. fxg5 fxg5 56. Rf1 Rb2 57. Rf2 Rb8 58. Kg2 Ng6 59. Qg4 Nf8 60. Qh5
Nh7 1/2-1/2

[Event "Russian Championship G19 2016"]
[Site "Loo"]
[Date "2016.04.20"]
[Round "1.11"]
[White "Mukhina, Jana"]
[Black "Yarisko, Arina"]
[Result "1/2-1/2"]
[WhiteElo "2072"]
[BlackElo "1863"]
[PlyCount "97"]
[EventDate "2016.04.20"]

1. e4 c5 2. Nf3 e6 3. b3 d5 4. exd5 exd5 5. Bb5+ Bd7 6. Bxd7+ Qxd7 7. O-O Nc6
8. Re1+ Be7 9. d4 O-O-O 10. Ba3 cxd4 11. Bxe7 Ngxe7 12. Nxd4 h5 13. Nc3 h4 14.
Ncb5 Rh6 15. Qe2 Rg6 16. Rad1 a6 17. Nxc6 Nxc6 18. Nd4 Qh3 19. Qf3 Qxf3 20.
Nxf3 h3 21. g3 Rdd6 22. Re8+ Kd7 23. Rh8 Rge6 24. Rxh3 Re2 25. Rh7 Rxc2 26.
Rxg7 Ke7 27. Rd2 Rxd2 28. Nxd2 Re6 29. Kf1 Nb4 30. h4 Nxa2 31. h5 Nc1 32. g4
Nd3 33. Nf3 Ne5 34. Nxe5 Rxe5 35. Rg8 d4 36. h6 d3 37. h7 d2 38. h8=Q d1=Q+ 39.
Kg2 Qd5+ 40. Kh2 Qe4 41. Re8+ Kd6 42. Rd8+ Kc6 43. Rc8+ Kb5 44. Rc4 Qd5 45. Qf8
a5 46. Rf4 Qe6 47. Kg3 Rc5 48. Qh8 Re5 49. Qf8 {далее запись неразбор~~ива}
1/2-1/2

[Event "Russian Championship G19 2016"]
[Site "Loo"]
[Date "2016.04.20"]
[Round "1.12"]
[White "Alekseeva, Yulia"]
[Black "Lysenko, Margarita"]
[Result "0-1"]
[WhiteElo "1858"]
[BlackElo "2071"]
[PlyCount "110"]
[EventDate "2016.04.20"]

1. e4 Nf6 2. Nc3 d5 3. e5 Nfd7 4. d4 e6 5. Nf3 c5 6. Be3 Nc6 7. Ne2 cxd4 8.
Bxd4 Qc7 9. Qd2 Ndxe5 10. Nxe5 Nxe5 11. Qf4 Bd6 12. Qg5 f6 13. Qh5+ Qf7 14.
Qxf7+ Kxf7 15. O-O-O Bd7 16. f4 Nc6 17. Bf2 Ne7 18. g3 Rhc8 19. Bg2 f5 20. Kb1
a5 21. Rhe1 Ng8 22. Bd4 Bb5 23. Nc3 Bc6 24. Bf1 Nf6 25. Nb5 Bxb5 26. Bxb5 Ne4
27. Bd7 Rc7 28. Bb5 Bc5 29. Be5 Rcc8 30. c3 Be7 31. Bd4 Bf6 32. Bb6 Bd8 33. Bd4
Be7 34. Bd7 Rc7 35. Bb5 Bc5 36. Be5 Rcc8 37. Bd7 Rd8 38. Bb5 a4 39. Kc2 Bb6 40.
Bf1 Nf2 41. Rd2 Ng4 42. Bh3 Ne3+ 43. Kb1 Nc4 44. Rde2 Re8 45. Bg2 Rac8 46. h3
g6 47. Bf3 Nxe5 48. Rxe5 Bf2 49. Rd1 Bxg3 50. Rd4 a3 51. Rb4 Re7 52. Be2 axb2
53. Kxb2 Bh4 54. Re3 Bf6 55. Kb3 Rec7 0-1

[Event "Russian Championship G19 2016"]
[Site "Loo"]
[Date "2016.04.20"]
[Round "1.13"]
[White "Mamontova, Anastasia"]
[Black "Efimova, Anastasia"]
[Result "1-0"]
[WhiteElo "2065"]
[BlackElo "1832"]
[PlyCount "85"]
[EventDate "2016.04.20"]

1. d4 d5 2. c4 c6 3. Nc3 Nf6 4. Nf3 e6 5. e3 Nbd7 6. Qc2 Bd6 7. b3 O-O 8. Bb2
Re8 9. Bd3 h6 10. h3 e5 11. dxe5 Nxe5 12. Nxe5 Bxe5 13. O-O-O a6 14. cxd5 cxd5
15. Kb1 b5 16. f4 Bc7 17. g4 Bb7 18. Rhe1 Rc8 19. Bf5 Ra8 20. g5 hxg5 21. fxg5
Nh5 22. g6 f6 23. Be4 Qc8 24. Nxd5 Ba5 25. Rg1 Qxc2+ 26. Bxc2 Rad8 27. e4 Bxd5
28. exd5 Bb4 29. Rg4 Bd6 30. h4 Nf4 31. Bf5 Kf8 32. Bc1 Ne2 33. Bd2 Re7 34. h5
Rc7 35. Re1 Nc3+ 36. Bxc3 Rxc3 37. h6 Be5 38. Rh1 Ke7 39. hxg7 Rg8 40. Rh7 Rf3
41. Be6 f5 42. Bxg8 fxg4 43. Be6 1-0

[Event "Russian Championship G19 2016"]
[Site "Loo"]
[Date "2016.04.20"]
[Round "1.14"]
[White "Nugamanova, Rozalia"]
[Black "Yakimenko, Viktoria"]
[Result "0-1"]
[WhiteElo "1826"]
[BlackElo "2056"]
[PlyCount "42"]
[EventDate "2016.04.20"]

1. d4 Nf6 2. c4 g6 3. Nc3 d5 4. Nf3 Bg7 5. Qb3 dxc4 6. Qxc4 O-O 7. e4 Bg4 8.
Be3 Nfd7 9. Rd1 Nc6 10. Qb3 e5 11. d5 Nd4 12. Bxd4 exd4 13. Ne2 c5 14. dxc6
Qa5+ 15. Nd2 bxc6 16. f3 Nc5 17. Qc2 d3 18. Qb1 dxe2 19. Bxe2 Rab8 20. fxg4
Rxb2 21. Qc1 Nxe4 0-1

[Event "Russian Championship G19 2016"]
[Site "Loo"]
[Date "2016.04.20"]
[Round "1.15"]
[White "Yakimenko, Anastasia"]
[Black "Leontyeva, Anastasija"]
[Result "1-0"]
[WhiteElo "2050"]
[BlackElo "1823"]
[PlyCount "77"]
[EventDate "2016.04.20"]

1. e4 c5 2. Nf3 d6 3. d4 cxd4 4. Nxd4 Nf6 5. f3 e5 6. Nb3 d5 7. Bg5 Be6 8. Bxf6
gxf6 9. exd5 Qxd5 10. Qxd5 Bxd5 11. Nc3 Be6 12. O-O-O Nc6 13. Bb5 a6 14. Bxc6+
bxc6 15. Ne4 Be7 16. Nbc5 Bd5 17. Nb7 Kf8 18. Nc3 Be6 19. g3 f5 20. Rhe1 f6 21.
f4 e4 22. g4 Bb4 23. Re3 Rg8 24. Nd8 Bc4 25. gxf5 Bxc3 26. Rxc3 Be2 27. Ne6+
Ke7 28. Re1 Bg4 29. Nd4 Kd6 30. Rxc6+ Kd5 31. c3 Bxf5 32. Rxf6 Bg4 33. Nc6 Rge8
34. Nb4+ Kc4 35. Kc2 Rad8 36. b3+ Kc5 37. Rc6+ Kb5 38. a4+ Ka5 39. Rxa6# 1-0

[Event "Russian Championship G19 2016"]
[Site "Loo"]
[Date "2016.04.20"]
[Round "1.16"]
[White "Polkhovskaya, Polina"]
[Black "Khatmullina, Dilara"]
[Result "1/2-1/2"]
[WhiteElo "1822"]
[BlackElo "2049"]
[PlyCount "161"]
[EventDate "2016.04.20"]

1. b3 d5 2. Bb2 Nf6 3. e3 Bf5 4. Nf3 e6 5. Be2 Bd6 6. O-O Nbd7 7. h3 c6 8. c4
h6 9. Nc3 O-O 10. a3 a5 11. d3 Re8 12. Qd2 Nf8 13. Rfc1 Bb8 14. b4 dxc4 15.
dxc4 Qc7 16. Qe1 e5 17. Kf1 e4 18. Ng1 Qh2 19. Bd1 Ng6 20. f4 exf3 21. Nxf3
Qh1+ 22. Kf2 Qxe1+ 23. Nxe1 h5 24. Nf3 h4 25. Nd4 Bd3 26. Nce2 Ne4+ 27. Kg1 Ng3
28. Rc3 Bxe2 29. Bxe2 Nxe2+ 30. Nxe2 Be5 31. Nd4 axb4 32. Rb3 c5 33. Nc2 Bxb2
34. Rxb2 Red8 35. Raa2 Rd2 36. axb4 Rxa2 37. Rxa2 Kh7 38. bxc5 Ne5 39. Nb4 Rxa2
40. Nxa2 Nxc4 41. Kf2 Ne5 42. Nb4 Kg6 43. e4 Kf6 44. Ke3 Ke6 45. Kf4 f6 46. g4
hxg3 47. Kxg3 Kd7 48. Kf4 Ng6+ 49. Kf5 Ne7+ 50. Kf4 Ke6 51. Kf3 Ke5 52. Ke3 g5
53. Nd3+ Ke6 54. Nb4 Ng6 55. Nd5 Ke5 56. Kf3 Nh4+ 57. Kg4 f5+ 58. Kxg5 Nf3+ 59.
Kh5 fxe4 60. Ne3 Kd4 61. Nf5+ Kxc5 62. Kg4 b5 63. Kf4 Kd5 64. h4 Nxh4 65. Nxh4
Kd4 66. Nf5+ Kd3 67. Ne3 b4 68. Nd1 b3 69. Nb2+ Kc3 70. Na4+ Kd4 71. Nb2 e3 72.
Kf3 Kc3 73. Nd1+ Kd3 74. Nb2+ Kc2 75. Nc4 Kd3 76. Nb2+ Kd2 77. Nc4+ Kc3 78.
Nxe3 Kd3 79. Nd1 Kc2 80. Ke2 Kc1 81. Ke1 1/2-1/2

[Event "Russian Championship G19 2016"]
[Site "Loo"]
[Date "2016.04.20"]
[Round "1.17"]
[White "Resmyatova, Antonina"]
[Black "Nenasheva, Diana"]
[Result "1-0"]
[WhiteElo "2045"]
[BlackElo "1740"]
[PlyCount "125"]
[EventDate "2016.04.20"]

1. d4 d6 2. Nf3 Nf6 3. c4 g6 4. Nc3 Bg7 5. e4 Nbd7 6. h3 e5 7. d5 O-O 8. Be3
Ne8 9. g4 c6 10. Qd2 Qc7 11. Bd3 b6 12. Bg5 Nc5 13. dxc6 f6 14. Nd5 Qf7 15. Be3
Nc7 16. Bc2 Rd8 17. O-O-O Ba6 18. b4 N5e6 19. Bb3 Nxd5 20. cxd5 Nc7 21. Rhg1
Kh8 22. Nh4 Bc8 23. Rg3 Rg8 24. Rdg1 Qe7 25. Kb1 Nb5 26. g5 f5 27. exf5 Bxf5+
28. Nxf5 gxf5 29. g6 e4 30. Bh6 Na3+ 31. Kc1 Qf6 32. Bxg7+ Rxg7 33. Qb2 Qxb2+
34. Kxb2 Nb5 35. gxh7 Rxg3 36. Rxg3 Kxh7 37. Bc4 Nc7 38. f3 e3 39. f4 Re8 40.
Rg1 Re4 41. Bb3 Rxf4 42. Re1 Rf2+ 43. Kc3 f4 44. Bc4 b5 45. Bd3+ Kh6 46. Rg1
Nxd5+ 47. Kd4 Nc7 48. Rg6+ Kh5 49. Rxd6 Rd2 50. Kc3 Rxa2 51. Rd7 Na6 52. Rf7
Ra3+ 53. Kd4 Nxb4 54. Be2+ Kg6 55. c7 Nc2+ 56. Ke4 Rc3 57. Re7 Kf6 58. Rh7 b4
59. Kd5 Kg6 60. Bc4 e2 61. c8=Q e1=Q 62. Qg8+ Kf5 63. Rf7# 1-0

[Event "Russian Championship G19 2016"]
[Site "Loo"]
[Date "2016.04.20"]
[Round "1.18"]
[White "Sataeva, Lana"]
[Black "Chekmareva, Liya"]
[Result "1-0"]
[WhiteElo "1726"]
[BlackElo "2043"]
[PlyCount "129"]
[EventDate "2016.04.20"]

1. e4 c5 2. Nf3 e6 3. d4 cxd4 4. Nxd4 a6 5. Nc3 Qc7 6. a3 b5 7. g3 Bb7 8. Bg2
Nc6 9. O-O Nf6 10. Re1 Nxd4 11. Qxd4 Bc5 12. Qd3 Ng4 13. Nd1 O-O 14. Bf4 Qb6
15. Ne3 Bxe3 16. Bxe3 Nxe3 17. Rxe3 Qc6 18. Rd1 Rad8 19. c3 f5 20. Qd6 f4 21.
Qxc6 Bxc6 22. Red3 e5 23. f3 fxg3 24. hxg3 Kf7 25. Bf1 Ke7 26. Kf2 g5 27. g4 h5
28. gxh5 Rh8 29. Kg3 Rxh5 30. Bh3 Rh6 31. R3d2 d6 32. Bg4 Rdh8 33. Bf5 a5 34.
Bg4 Rb8 35. Rc1 Rb6 36. b4 a4 37. c4 bxc4 38. Rxc4 Rh1 39. Rdc2 Bb7 40. Rc7+
Ke8 41. Bc8 Bxc8 42. Rxc8+ Ke7 43. Ra8 Rg1+ 44. Kf2 Rh1 45. Kg2 Rd1 46. Rxa4
Rb8 47. Rc7+ Kf6 48. Raa7 Rg8 49. Rf7+ Kg6 50. b5 Ra1 51. Rfd7 g4 52. Rxd6+ Kg5
53. Rdd7 Ra2+ 54. Kg3 gxf3 55. Kxf3 Rf8+ 56. Kg3 Rc8 57. Rg7+ Kf6 58. Rgf7+ Kg6
59. Rf3 Rcc2 60. Kg4 Re2 61. Ra6+ Kg7 62. Kf5 Rad2 63. Ra7+ Kf8 64. Kxe5+ Ke8
65. Rh3 1-0

[Event "Russian Championship G19 2016"]
[Site "Loo"]
[Date "2016.04.20"]
[Round "1.19"]
[White "Ochneva, Inga"]
[Black "Kalinovskaya, Lyudmila"]
[Result "1-0"]
[WhiteElo "2042"]
[BlackElo "1618"]
[PlyCount "75"]
[EventDate "2016.04.20"]

1. e4 c6 2. d4 d5 3. f3 Qc7 4. Nc3 Nf6 5. e5 Nfd7 6. Bd3 Nb6 7. f4 Nc4 8. b3
Nb6 9. Nf3 Bg4 10. O-O e6 11. h3 Bxf3 12. Qxf3 Bb4 13. Bd2 g6 14. Nb5 cxb5 15.
Bxb5+ N8d7 16. Bxb4 Qxc2 17. a4 Qe4 18. Qf2 Rc8 19. Bc5 h5 20. a5 a6 21. Rfe1
Qf5 22. Be2 Nxc5 23. dxc5 Nd7 24. Qe3 g5 25. fxg5 Qxe5 26. Qd2 Qg3 27. Bf3 Rxc5
28. b4 Ne5 29. Re3 Qxg5 30. Kh1 Nxf3 31. gxf3 Qf6 32. bxc5 Qxa1+ 33. Re1 Qa4
34. Qb2 Rg8 35. Qxb7 Qxa5 36. Rb1 Qd8 37. Qa7 Qd7 38. Rb8+ 1-0

[Event "Russian Championship B15 1st league 2016"]
[Site "Loo"]
[Date "2016.04.20"]
[Round "1.1"]
[White "Poliakov, Artem"]
[Black "Sadovnikov, Konstantin"]
[Result "1-0"]
[WhiteElo "2168"]
[BlackElo "1695"]
[PlyCount "57"]
[EventDate "2016.04.20"]

1. d4 Nf6 2. c4 c5 3. d5 g6 4. Nc3 d6 5. e4 Bg7 6. Bd3 O-O 7. Nf3 e6 8. O-O
exd5 9. exd5 Bg4 10. Bf4 Ne8 11. h3 Bxf3 12. Qxf3 Nd7 13. Rfe1 Ne5 14. Qg3 Nc7
15. Ne4 Re8 16. Nxc5 b6 17. Ne4 Na6 18. Bf1 Nc5 19. Rad1 Nxc4 20. Nxc5 Nxb2 21.
Nb7 Qd7 22. Nxd6 Nxd1 23. Nxe8 Rxe8 24. Rxd1 h6 25. Qb3 Re4 26. Bg3 Be5 27. Bd3
Bxg3 28. Bxe4 Be5 29. d6 1-0

[Event "Russian Championship B15 1st league 2016"]
[Site "Loo"]
[Date "2016.04.20"]
[Round "1.2"]
[White "Ardasenov, Soslan"]
[Black "Odegov, Artem"]
[Result "0-1"]
[WhiteElo "1690"]
[BlackElo "2063"]
[PlyCount "61"]
[EventDate "2016.04.20"]

1. d4 e6 2. Nf3 c5 3. e3 Nf6 4. Bd3 Nc6 5. b3 d5 6. O-O Be7 7. Bb2 O-O 8. a3 a5
9. Nbd2 h6 10. Ne5 Rb8 11. f4 Qb6 12. Ndf3 c4 13. bxc4 Nxe5 14. fxe5 Qxb2 15.
exf6 Bxf6 16. c5 Qc3 17. Rb1 a4 18. Rb4 e5 19. Nxe5 Bxe5 20. dxe5 Qxc5 21. Qe2
Bd7 22. Kh1 Qc3 23. Rh4 Qxe5 24. c4 Qe7 25. Rhf4 Rbe8 26. e4 dxe4 27. Qxe4 Qxe4
28. Bxe4 g5 29. Rxf7 Rxf7 30. Bd5 Be6 31. Re1 0-1

[Event "Russian Championship B15 1st league 2016"]
[Site "Loo"]
[Date "2016.04.20"]
[Round "1.3"]
[White "Mukhutdinov, Tigran"]
[Black "Rudikov, Dmitry"]
[Result "1-0"]
[WhiteElo "2059"]
[BlackElo "1678"]
[PlyCount "95"]
[EventDate "2016.04.20"]

1. e4 c5 2. Nf3 d6 3. d4 cxd4 4. Nxd4 Nf6 5. Nc3 a6 6. Be2 e5 7. Nf3 Be6 8. O-O
Be7 9. h3 O-O 10. Bg5 h6 11. Bxf6 Bxf6 12. Nd5 Bxd5 13. Qxd5 Nc6 14. Rfd1 Be7
15. Bc4 Qc7 16. Bb3 Kh8 17. c3 Nd8 18. Nd2 Ne6 19. g3 h5 20. Nc4 Rad8 21. Ne3
h4 22. Kg2 hxg3 23. fxg3 Ng5 24. h4 Ne6 25. Qd2 Nc5 26. Bc2 Qd7 27. Rf1 g6 28.
Rf2 Kg7 29. Raf1 a5 30. Qd5 Ne6 31. Qxa5 Ra8 32. Qd5 Bxh4 33. gxh4 Nf4+ 34.
Rxf4 exf4 35. Rxf4 Rac8 36. Qd4+ Kh7 37. Nd5 Qe6 38. Nf6+ Kh8 39. Nd7+ Kh7 40.
Nxf8+ Rxf8 41. Bb3 Qd7 42. e5 Qc6+ 43. Qd5 Qa6 44. Rxf7+ Rxf7 45. Qxf7+ Kh6 46.
Qf8+ Kh5 47. Bd1+ Qe2+ 48. Bxe2+ 1-0

[Event "Russian Championship B15 1st league 2016"]
[Site "Loo"]
[Date "2016.04.20"]
[Round "1.4"]
[White "Perov, German"]
[Black "Marchuk, Rostislav"]
[Result "1/2-1/2"]
[WhiteElo "1676"]
[BlackElo "2039"]
[PlyCount "108"]
[EventDate "2016.04.20"]

1. e4 e6 2. d4 d5 3. exd5 exd5 4. c4 c6 5. Nc3 Nf6 6. Bd3 Be7 7. Nf3 O-O 8. O-O
h6 9. h3 Be6 10. cxd5 Nxd5 11. Ne5 Nd7 12. Nxd5 Bxd5 13. Bxh6 Nxe5 14. dxe5 Bg5
15. Bxg7 Kxg7 16. f4 Rg8 17. fxg5 Qxg5 18. Qg4 Kf8 19. Qxg5 Rxg5 20. g4 Rxe5
21. Rf2 Rae8 22. Bf1 Re3 23. b3 Kg7 24. Kh2 f6 25. Bg2 Rh8 26. Rd1 Bxg2 27.
Kxg2 Rexh3 28. Rd7+ Kg6 29. Rxb7 Rh2+ 30. Kf3 Rxf2+ 31. Kxf2 Rh2+ 32. Kg3 Rxa2
33. Kf4 Ra3 34. Rc7 Rxb3 35. Rxc6 a5 36. g5 Rb4+ 37. Kf3 Kxg5 38. Rc5+ f5 39.
Rxa5 Rb3+ 40. Kf2 Kg4 41. Ra4+ f4 42. Ra2 Rh3 43. Ra8 Rh2+ 44. Kg1 Rb2 45. Ra3
Re2 46. Kf1 Re3 47. Rxe3 fxe3 48. Ke2 Kf4 49. Ke1 Kf3 50. Kf1 Ke4 51. Ke2 Kd4
52. Ke1 Kd3 53. Kd1 e2+ 54. Ke1 Ke3 1/2-1/2